| 000 | 00424 a2200169 4500 | ||
|---|---|---|---|
| 001 | 73246 | ||
| 020 | _a9780194384339 | ||
| 040 | _cAnchieta - Colégio São Paulo | ||
| 100 | _aOxenden, Clive | ||
| 240 | 1 | 0 |
_aNew english file _lpor |
| 245 | 1 | 0 | _aNew english file |
| 300 | _a159 | ||
| 362 | 0 | _a2005 | |
| 440 | 1 | _aOxford | |
| 650 | 4 | _aUso padrão do inglês (linguística prescritiva); Linguística aplicada | |
| 942 | _cBK | ||
| 999 |
_c73246 _d73246 |
||